Educación general básica : los contenidos en la enseñanza :

Guardado en:
Formato: Libro
Publicado: Buenos Aires : Novedades Educativas, 1995
Materias:
Etiquetas: Agregar Etiqueta
Sin Etiquetas, Sea el primero en etiquetar este registro!
LEADER 02765nam a22001935a 4500
001 CEM.cems009047
005 20090914104746.0
008 130507s1995##################000#0#####d
003 CEMS
020 |a 9879116011 
082 0 4 |a 379.15 
245 0 0 |a Educación general básica :  |b los contenidos en la enseñanza : 
260 |a Buenos Aires :  |b Novedades Educativas,  |c 1995 
300 |a 190 p. 
505 0 |a Los Contenidos Básicos Comunes de la EGB y los diseños curriculares jurisdiccionales / Daniel Pinkasz, Nora Gómez, María Teresa Corvatta, Alicia Romero de Cutropia, Graciela Lombadi -- Elementos para pensar coyunturas y estructuras / Graciela Frigerio -- El aprendizaje y la enseñanza de la matemática. Planteos actuales / Bernardo Blejmar -- Ciencias sociales: el campo de lo social como objeto de conocimiento / Alicia W. de Camilloni -- El desafío frente a los cambios científicos-tecnológicos -- El equipo de conducción un tema gerencial o pedagógico? / Herminia Ferrata -- Recordemos que los niños van a vivir en la realidad, no en la escuela / Alfredo Gadino -- El aprendizaje y la enseñanza de las Ciencias Naturales / Margarita Gortari -- La relación entre la teoría y la práctica en el aprendizaje y la enseñanza / Marta Marín -- La construcción del grupo y su importancia en el aprendizaje / Diana Mazza -- El docente y las condiciones de trabajo / Mariano Narodowski -- La responsabilidad civil de los docentes / Norberto Ares -- El docente también se forma en la práctica laboral y en el ejercicio de la docencia / María Cristina Davini -- Lengua, gramática y ortografía, desafíos para la enseñanza / Fernando Avendaño -- Enseñar a leer las imágenes de la televisión / Alicia Romero de Cutropia -- Aplicación de un sistema de información geográfica como juego de simulación / Diana Durán y Gustavo Buzai -- Propuesta para la formación docente de grado: es posible enseñar lo que no se aprendió? / Gloria Vadori de Arija y Ana María Martini -- Función educativa del tercer ciclo de la EGB / Manuel Gomba -- Evaluación qué, cómo y cuándo evaluar en la escuela. La evaluación como una operación de construcción y de comunicación de un juicio de valor / Alicia Camilloni -- La evaluación como una explicación ecológica de la actividad en el aula / Edith Litwin -- El texto como herramienta cognitiva / María Victoria G. de Erice -- El rol del docente en relación con los trastornos de conducta y aprendizaje / Benito Rafael Pares -- Juguemos a la matemática con el ajedrez / Mariana Rubinstein, Rubén Berguier, Jorge Berguier 
653 |a Contenidos básicos comunes 
653 |a Educación general básica 
859 |a CEMS  |b BIB. CEMS - 11 de abril  |h 379.15  |i N857  |p 18662.95  |t Ej.1 
859 |a CEMS  |b BIB. CEMS